| 000 | 00688nam a22002532 4500 | ||
|---|---|---|---|
| 999 |
_c8149 _d8149 |
||
| 001 | 8149 | ||
| 003 | BD - JhCC | ||
| 005 | 20180219083552.0 | ||
| 008 | 710804s1971 enka 001 0 eng d | ||
| 020 | _a0194251314 (pbk) | ||
| 035 | _a(BD - JhCC)8149 | ||
| 040 |
_aUKM _cUKM _dEQO _dBD - JhCC |
||
| 041 | _aeng | ||
| 050 | 1 | _aQD33 | |
| 082 | 0 |
_a540 _218 _bATK 1971 |
|
| 100 | 1 | _aAtkinson, Arthur. | |
| 245 | 1 | 0 |
_aModern certificate chemistry / _cArthur Atkinson. |
| 260 |
_aLondon : _bOxford University Press, _c1971. |
||
| 300 |
_a[1], vi, 179 p. : _bill. ; _c26 cm. |
||
| 500 | _aWith answers to numerical questions. | ||
| 650 | 0 | _aChemistry. | |
| 942 |
_2ddc _cBK |
||